Business credit scores: (Record no. 17050)
[ view plain ]
| 000 -LEADER | |
|---|---|
| fixed length control field | 00547nam a2200157 4500 |
| 008 - FIXED-LENGTH DATA ELEMENTS--GENERAL INFORMATION | |
| fixed length control field | 220602b ||||| |||| 00| 0 eng d |
| 022 ## - INTERNATIONAL STANDARD SERIAL NUMBER | |
| International Standard Serial Number | 0732-8435 |
| 082 ## - DEWEY DECIMAL CLASSIFICATION NUMBER | |
| Classification number | DPer 657.05 C33 Sept - Dec 2012, v. 82 n. 9 - 12 |
| 100 ## - MAIN ENTRY--PERSONAL NAME | |
| Personal name | Becker, Tracy. |
| 9 (RLIN) | 45331 |
| 245 ## - TITLE STATEMENT | |
| Title | Business credit scores: |
| Remainder of title | what CPA's need to know/ |
| Statement of responsibility, etc. | Tracy Becker. |
| 260 ## - PUBLICATION, DISTRIBUTION, ETC. (IMPRINT) | |
| Place of publication, distribution, etc. | New York: |
| Name of publisher, distributor, etc. | The New York State Society of CPA, |
| Date of publication, distribution, etc. | ©2012. |
| 300 ## - PHYSICAL DESCRIPTION | |
| Extent | v82 n9, pages 12-13: |
| Other physical details | color illustrations; |
| Dimensions | 28 cm. |
| 500 ## - GENERAL NOTE | |
| General note | The CPA Journal. |
| 650 ## - SUBJECT ADDED ENTRY--TOPICAL TERM | |
| Topical term or geographic name as entry element | Finance. |
| 9 (RLIN) | 45332 |
| 942 ## - ADDED ENTRY ELEMENTS (KOHA) | |
| Source of classification or shelving scheme | Dewey Decimal Classification |
| Koha item type | Periodicals |
No items available.
